<?xml version="1.0" encoding="UTF-8"?>
<record
    xmlns:xsi="http://www.w3.org/2001/XMLSchema-instance"
    xsi:schemaLocation="http://www.loc.gov/MARC21/slim http://www.loc.gov/standards/marcxml/schema/MARC21slim.xsd"
    xmlns="http://www.loc.gov/MARC21/slim">

  <leader>02465cam a2200301 a 4500</leader>
  <controlfield tag="001">2616288</controlfield>
  <controlfield tag="003">OSt</controlfield>
  <controlfield tag="005">20220927123145.0</controlfield>
  <controlfield tag="008">981019s2000    paua     b    001 0 eng c</controlfield>
  <datafield tag="010" ind1=" " ind2=" ">
    <subfield code="a">   94013122</subfield>
  </datafield>
  <datafield tag="020" ind1=" " ind2=" ">
    <subfield code="a">0721627420</subfield>
  </datafield>
  <datafield tag="035" ind1=" " ind2=" ">
    <subfield code="a">(DLC)   98033391</subfield>
  </datafield>
  <datafield tag="040" ind1=" " ind2=" ">
    <subfield code="a">DNLM/DLC</subfield>
    <subfield code="c">LC</subfield>
    <subfield code="d">DLC</subfield>
  </datafield>
  <datafield tag="043" ind1=" " ind2=" ">
    <subfield code="a">n-us---</subfield>
  </datafield>
  <datafield tag="050" ind1="0" ind2="0">
    <subfield code="a">RT98.C65</subfield>
  </datafield>
  <datafield tag="245" ind1="0" ind2="0">
    <subfield code="a">Community health nursing: theory and practice. /</subfield>
    <subfield code="c">[edited by] Claudia M. Smith, Frances A. Maurer.</subfield>
  </datafield>
  <datafield tag="260" ind1=" " ind2=" ">
    <subfield code="a">Philadelphia:</subfield>
    <subfield code="b">W. B. Saunders Company,</subfield>
    <subfield code="c">1995.</subfield>
  </datafield>
  <datafield tag="300" ind1=" " ind2=" ">
    <subfield code="a">xxvii, 872 p. :</subfield>
    <subfield code="b">ill. ;</subfield>
    <subfield code="c">29 cm.</subfield>
  </datafield>
  <datafield tag="504" ind1=" " ind2=" ">
    <subfield code="a">Includes bibiliographical references and index.</subfield>
  </datafield>
  <datafield tag="505" ind1=" " ind2=" ">
    <subfield code="a">Contents: The role and context of community health nursing practice: Responsibilities for care in community health nursing -- Origins and future of community health nursing -- The U. S. Health care system -- Legal context for community health nursing practice -- Financing of health care: context for community health nursing -- The relevance of culture and values for community health nursing -- Family as client: The home visit: opening doors for family health -- A Family perspective in community health nursing -- The nursing process and families --  Multiproblem -- Community ass client: Epidemiology: Unraveling the mysteries of disease and health -- Community assessment -- Community planning and intervention -- Evaluation of nursing care with communities -- Nursing in a disaster -- Tools for practice: Health promotion and risk reduction in the community -- Screening and referral -- Health teaching -- Contemporary problems in community health nursing: Communicable diseases -- Violence: a social and family problem -- Common addictions -- Teenage pregnancy -- Homelessness in America -- Environmental issues: at home, work and in the community -- Support for special populations: Rehabilitation clients in the community -- Children in the community -- Elderly persons in the community -- Settings for community health nursing practice: School health -- Home health care -- Local health departments -- Rural health -- </subfield>
  </datafield>
  <datafield tag="650" ind1=" " ind2="0">
    <subfield code="a">Community health nursing.</subfield>
  </datafield>
  <datafield tag="650" ind1="1" ind2="2">
    <subfield code="a">Community Health Nursing</subfield>
    <subfield code="z">United States.</subfield>
    <subfield code="9">454</subfield>
  </datafield>
  <datafield tag="700" ind1="1" ind2=" ">
    <subfield code="a">Smith, Claudia M.</subfield>
    <subfield code="9">455</subfield>
  </datafield>
  <datafield tag="700" ind1="1" ind2=" ">
    <subfield code="a">Maurer, Frances A.</subfield>
    <subfield code="9">456</subfield>
  </datafield>
  <datafield tag="906" ind1=" " ind2=" ">
    <subfield code="a">7</subfield>
    <subfield code="b">cbu</subfield>
    <subfield code="c">orignew</subfield>
    <subfield code="d">1</subfield>
    <subfield code="e">ocip</subfield>
    <subfield code="f">19</subfield>
    <subfield code="g">y-gencatlg</subfield>
  </datafield>
  <datafield tag="942" ind1=" " ind2=" ">
    <subfield code="2">lcc</subfield>
    <subfield code="c">BK</subfield>
  </datafield>
  <datafield tag="999" ind1=" " ind2=" ">
    <subfield code="c">9233</subfield>
    <subfield code="d">16733</subfield>
  </datafield>
  <datafield tag="952" ind1=" " ind2=" ">
    <subfield code="0">0</subfield>
    <subfield code="1">0</subfield>
    <subfield code="2">lcc</subfield>
    <subfield code="4">0</subfield>
    <subfield code="7">0</subfield>
    <subfield code="a">WIUC-KL</subfield>
    <subfield code="b">WIUC-KL</subfield>
    <subfield code="c">NURS L.</subfield>
    <subfield code="d">2019-11-25</subfield>
    <subfield code="l">0</subfield>
    <subfield code="o">RT98.C65</subfield>
    <subfield code="p">KSN/623/623/19</subfield>
    <subfield code="r">2022-09-27 00:00:00</subfield>
    <subfield code="w">2022-09-27</subfield>
    <subfield code="y">BK</subfield>
  </datafield>
</record>
